Ministry of Science and Technology funded research projects : research abstracts,

Podrobná bibliografie
Korporativní autor: Bangladesh. Ministry of Science and Technology
Médium: Kniha
Jazyk:English
Vydáno: Dhaka : Government of the People's Republic of Bangladesh, Ministry of Science and Technology, c2024.
Témata:
Classic Catalogue: View this record in Classic Catalogue
LEADER 01361nam a22002537a 4500
001 44601
003 BD-DhAAL
005 20250817170242.0
008 250817t2024 bg ||||| |||| 00| 0 eng d
020 |a 9789843574534 
040 |a BD-DhAAL  |c BD-DhAAL 
082 |a 507.205492  |2 23 
245 |a Ministry of Science and Technology funded research projects :  |b research abstracts,  |f 2023-2024. 
260 |a Dhaka :  |b Government of the People's Republic of Bangladesh, Ministry of Science and Technology,  |c c2024. 
300 |a xliv, 636 pages ;  |c 24 cm 
541 |a Complimentary copy from Ministry of Science and Technology, Government of the People's Republic of Bangladesh  |e 44601 
650 |a Technology  |x Research  |z Bangladesh.  |9 59106 
650 |a Science  |x Research  |z Bangladesh.  |9 59107 
650 |a Research  |v Abstracts.  |9 59108 
710 |a Bangladesh.  |b Ministry of Science and Technology.  |9 59095 
852 |a Ayesha Abed Library  |c General Stacks 
942 |2 ddc  |c BK 
999 |c 47387  |d 47387 
952 |0 0  |1 0  |2 ddc  |4 0  |6 507_205492000000000_MIN  |7 0  |9 78025  |a BRACUL  |b BRACUL  |c GEN  |d 2025-08-17  |e Complimentary copy from Ministry of Science and Technology, Government of the People's Republic of Bangladesh  |l 0  |o 507.205492 MIN  |p 3010044601  |r 2025-08-17  |t 1  |w 2025-08-17  |y BK  |x Complimentary copy from Ministry of Science and Technology, Government of the People's Republic of Bangladesh